Statistics for Proverbs Quiz

Click here to take the quiz!

General Stats

  • This quiz has been taken 107 times
  • The average score is 11 of 15

Answer Stats

QUESTIONAnswer% Correct
All good things must come to an _________end
99%
______________speak louder than wordsActions
96%
The grass is always __________on the other sidegreener
90%
Laughter is the best ________medicine
87%
People who live in glass houses should not throw _______stones
86%
If it ain’t __________, don’t fix itbroke
85%
When the going gets tough, the______ get goingtough
85%
If you play with fire, you’ll get _________burned
84%
The enemy of my _________ is my friendenemy
81%
Don’t put off until_________ what you can do todaytomorrow
75%
Where there’s _________, there’s firesmoke
70%
_____________makes the heart grow fonderAbsence
66%
Cleanliness is next to _________godliness
54%
The _____________ wheel gets the greasesqueaky
32%
Don’t put too many ______ in the fireirons
23%

Score Distribution

Percentile by Number Answered

Percent of People with Each Score

Your Score History

You have not taken this quiz